|
|
|
|
| LEADER |
00943naa#a2200325#ar4500 |
| 001 |
000125513 |
| 003 |
SVKKK |
| 005 |
20190214101931.0 |
| 008 |
190206s2017 xo #|0||||||||0|||b|slo |
| FMT |
|
|
|
| 015 |
|
|
|a SNBRA2019/02
|
| 038 |
|
|
|a SVKKK
|
| 040 |
|
|
|a SVKKK
|b slo
|e AACR2
|
| 041 |
0 |
|
|a slo
|
| 044 |
|
|
|a xo
|c SK
|
| 080 |
|
|
|a 7.091.8
|2 2011
|
| 080 |
|
|
|a 379.822
|2 2011
|
| 090 |
|
|
|a IV.232882
|
| 100 |
1 |
|
|a Novotný, Milan
|4 aut
|
| 245 |
1 |
0 |
|a Večer Mórica Beňovského vo Varšave
|c Milan Novotný
|
| 300 |
|
|
|b Fotogr.
|
| 610 |
2 |
4 |
|a Slovenský inštitút (Varšava, Poľsko)
|
| 611 |
2 |
4 |
|a Večer Mórica Beňovského
|d (27.4.2017 :
|c Varšava, Poľsko)
|
| 773 |
0 |
|
|t Osobnosti v knižnej kultúre a historických prameňoch : ad honorem Jozef Repčák
|d Prešov : Štátna vedecká knižnica v Prešove, 2017
|g S. 233
|z 9788089614417
|
| 974 |
|
|
|a Fav
|
| 992 |
|
|
|a RZB
|
| BAS |
|
|
|
| 852 |
|
|
|a SVKKK
|b BIB
|
| EXP |
|
|
|
| 998 |
|
|
|a SLO
|